000 00358nam a2200133Ia 4500
008 240624s9999 xx 000 0 und d
041 _aeng
082 _a344.01 PUR
100 _aPURI S D
245 _aBUILDING AND OTHER CONSTRUCTION WORKERS
260 _c2008
_aMumbai
_bSnow White Publication Pvt. Ltd.
300 _a354 : p. : cm. ; 24
365 _cRS
_b15
999 _c10514
_d10514